000 02620cam a22005534i 4500
003 PE-LiUPU
005 20250731173224.0
008 150625s r 000 0 d
035 _a(Sirsi) a33989
040 _aPE-LiUPU
_bspa
_cPE-LiUPU
_erda
082 0 4 _a280.293
_bV65
_221
100 1 _aVila, Samuel,
_eautor.
245 1 0 _aA las fuentes del cristianismo /
_cSamuel Vila.
264 1 _aGrand Rapids, Mich. :
_bTell,
_c[196-?].
300 _a230 páginas :
_bilustrado ;
_c20 cm.
336 _atext
_2rdacontent
337 _aunmediated
_2rdamedia
338 _avolume
_2rdacarrier
526 _aSEG42
526 _aSEG41
526 _aSEG40
526 _aSEG39
526 _aP94
526 _aP87
526 _aP86
526 _aP85
526 _aP77
526 _aP76
526 _aP35
650 1 4 _aIglesia católica
_xDoctrinas
_xAutores protestantes.
910 _a
942 _2ddc
_cBOOK
949 _a280.293 V65
_wDEWEY
_c1
_i25850
_lCCODEBUL1
_mBUL
_p00.00
_r0
_sY
_tBOOK
_u2015-06-25
_xTEOLOGIA
_zUNKNOWN
_0COMPRA
_o.STAFF. Colección General
949 _a280.293 V65
_wDEWEY
_c2
_i38935
_lCCODEBUL1
_mBUL
_p00.00
_r0
_sY
_tBOOK
_u2015-06-25
_xBIBLIOTECA
_PP35
_0COMPRA
_o.STAFF. Colección General
949 _a280.293 V65
_wDEWEY
_c3
_i08323
_lCCODEBUL1
_mBUL
_p00.00
_r0
_sY
_tBOOK
_u2015-06-25
_xTEOLOGIA
_zUNKNOWN
_0COMPRA
_o.STAFF. Colección General
949 _a280.293 V65
_wDEWEY
_c4
_i15709
_lCCODEBUL1
_mBUL
_p00.00
_r0
_sY
_tBOOK
_u2015-06-25
_xTEOLOGIA
_zUNKNOWN
_0COMPRA
_o.STAFF. Colección General
949 _a280.293 V65
_wDEWEY
_c5
_i24535
_lCCODEBUL1
_mBUL
_p00.00
_r0
_sY
_tBOOK
_u2015-06-25
_xTEOLOGIA
_zUNKNOWN
_0COMPRA
_o.STAFF. Colección General
596 _a1
999 _a280.293 V65
_wDEWEY
_c41796
_i25850
_f2019-12-11
_g4
_lDISCARD
_mBUL
_r1
_sY
_tBOOK
_u2015-6-25
_xTEOLOGIA
_zUNKNOWN
_0COMPRA
_o.STAFF. Colección General
_d41796
999 _a280.293 V65
_wDEWEY
_c2
_i38935
_f2019-12-11
_g4
_lDISCARD
_mBUL
_r1
_sY
_tBOOK
_u2015-6-25
_xTEOLOGIA
_PP35
_0COMPRA
_o.STAFF. Colección General
999 _a280.293 V65
_wDEWEY
_c3
_i08323
_f2019-12-11
_g4
_lDISCARD
_mBUL
_r1
_sY
_tBOOK
_u2015-6-25
_xTEOLOGIA
_zUNKNOWN
_0COMPRA
_o.STAFF. Colección General
999 _a280.293 V65
_wDEWEY
_c4
_i15709
_f2019-12-11
_g4
_lDISCARD
_mBUL
_r0
_sY
_tBOOK
_u2015-6-25
_xTEOLOGIA
_zUNKNOWN
_0COMPRA
_o.STAFF. Colección General
999 _a280.293 V65
_wDEWEY
_c5
_i24535
_d2018-6-25
_f2021-11-11
_g5
_lCCODEBUL1
_mBUL
_q1
_r0
_sY
_tBOOK
_u2015-6-25
_xTEOLOGIA
_zUNKNOWN
_0COMPRA
_o.STAFF. Colección General
980 _81
_gALBERTO SANCHEZ Responsable de Automatización